| 000 | 00908nam a2200241Ia 4500 | ||
|---|---|---|---|
| 001 | 18608 | ||
| 003 | GE_BSU | ||
| 008 | 181216s||||||||xx |||||||||||||| ||und|| | ||
| 040 | _cGE_BSU | ||
| 080 | _a008(38)+930.85 გ-70 | ||
| 245 | _aბერძნული ცივილიზაცია. ნაკვ.1. გმირთა ეპოქიდან არქაიკამდე | ||
| 245 | _bგმირთა ეპოქიდან არქაიკამდე | ||
| 245 | _cრედ.ლ.თურმანიძე | ||
| 260 | _aთბილისი | ||
| 260 | _bმერანი | ||
| 260 | _c1988 | ||
| 300 | _a313გვ.23სმ. | ||
| 541 | _h9ლ.25თ. | ||
| 653 | _aბერძნული ცივილიზაცია | ||
| 653 | _aგმირთა ეპოქიდან არქაიკამდე | ||
| 653 | _aქსეროქსი | ||
| 942 | _cBK | ||
| 999 |
_c51617 _d51617 |
||